| 000 | 00696nam a2200217 a 4500 | ||
|---|---|---|---|
| 001 | 2762 | ||
| 003 | CDMR | ||
| 005 | 20131203171413.0 | ||
| 008 | 130130s1986||||||||||||||||||||||||||||d | ||
| 020 | _a0803925824 | ||
| 040 |
_aCDMR _bcat _cCDMR |
||
| 245 | 0 | 0 |
_aMedia, audience and social structure _cedited by Sandra J. Ball-Rokeach, Muriel G. Cantor |
| 260 |
_aLondon _c1986 _bSage |
||
| 300 | _a400 p. | ||
| 650 | 0 | 4 |
_92757 _aMitjans de comunicació de massa _xAspectes socials |
| 650 | 0 | 4 |
_94399 _aComunicació _xCongressos |
| 650 | 0 | 4 |
_93360 _aMitjans de comunicació de massa _xPúblic |
| 700 | 1 |
_92080 _aBall-Rokeach, Sandra J. _eed. |
|
| 700 | 1 |
_94437 _aCantor, Muriel G. _eed. |
|
| 942 |
_cMON _2udc |
||
| 999 |
_c2762 _d2762 |
||